00776cam a22002291 4500001001300000003000400013005001700017008004100034010001700075035001800092040001800110042001200128050002200140100002600162245016500188250001500353260002800368300001800396500008300414651003200497999001700529sa 68016743 DLC20260227112657.0720620s1963 xx 000 0 ind  asa 68016743  a(OCoLC)336959 aDLCcOAUdDLC apremarc00aHC447b.S812 19630 aSoekarno,d1901-1970.10aDeklarasi ekonomi;bstrategi dasar untuk menanggulangi kesulitan² ekonomi & keunangan, serta tindakan² djangka pendek jang akan diambilcoleh pemerintah R. I. a[Tjet. 2.] aMedan,bHarrisc[1963?] a32 p.c17 cm. a"Amanat P. J. M. Presiden Rep. Indonesia jang diutjapkan pada tgl. 28-3-1963." 0aIndonesiaxEconomic policy. c87284d87284